[Event "FRM-chT 30th"]
[Site "Struga"]
[Date "2022.10.15"]
[Round "2.1"]
[White "Djukic, Nikola"]
[Black "Simov, Saso"]
[Result "1-0"]
[WhiteElo "2536"]
[BlackElo "2174"]
[PlyCount "111"]
[EventDate "2022.10.14"]
[EventType "team-tourn"]
[EventRounds "7"]
[EventCountry "MKD"]
[SourceTitle "CBM 210 Extra"]
[Source "ChessBase"]
[SourceDate "2022.11.30"]
[SourceVersion "1"]
[SourceVersionDate "2022.11.30"]
[SourceQuality "1"]
[WhiteTeam "Bitola Patako"]
[BlackTeam "Kumanovo Fisher"]
[WhiteTeamCountry "MKD"]
[BlackTeamCountry "MKD"]

1. e4 d6 2. d4 g6 3. Nc3 Bg7 4. Be3 Nf6 5. Qd2 c6 6. Bh6 Bxh6 7. Qxh6 Qa5 8. Bd3 b5 9. Nf3 b4 10. Ne2 Bg4 11. e5 Bxf3 12. exf6 Bxe2 13. Qg7 Rf8 14. fxe7 Kxe7 15. Bxe2 Nd7 16. Qh6 Kd8 17. 0-0 Kc7 18. a3 Qb6 19. c3 Rae8 20. Bf3 b3 21. a4 a5 22. Qxh7 d5 23. Qh4 Kb7 24. Ra3 Ka7 25. Bd1 Rb8 26. Qg3 Qd8 27. Qd6 Rb6 28. Rxb3 Rxb3 29. Bxb3 Nb8 30. Qf4 Na6 31. Bc2 Nc7 32. Re1 Ne6 33. Qf3 Qd7 34. Qf6 Re8 35. h4 Nc7 36. Rxe8 Nxe8 37. Qe5 Nd6 38. b3 Kb7 39. Bd3 Ne8 40. g3 Nc7 41. Kg2 Qe8 42. Be2 Qf8 43. Qf6 Qa3 44. Qxf7 Qxb3 45. Qxg6 Qxc3 46. Qb1+ Ka7 47. Qd3 Qb2 48. h5 Ne6 49. h6 Nxd4 50. Qa6+ Kb8 51. Bg4 Nc2 52. Qc8+ Ka7 53. Qc7+ Ka8 54. Qxc6+ Ka7 55. Qc7+ Ka8 56. Qxa5+ 1-0

[Event "FRM-chT 24th"]
[Site "Struga"]
[Date "2015.07.21"]
[Round "2"]
[White "Simov, Saso"]
[Black "Kalcovski, Lazar"]
[Result "1/2-1/2"]
[WhiteElo "2215"]
[BlackElo "1951"]
[PlyCount "77"]
[EventDate "2015.07.20"]
[EventType "team-tourn"]
[EventRounds "7"]
[EventCountry "MKD"]
[SourceTitle "CBM 167 Extra"]
[Source "ChessBase"]
[SourceDate "2015.09.14"]
[SourceVersion "1"]
[SourceVersionDate "2015.09.14"]
[SourceQuality "1"]
[WhiteTeam "Kumanovo"]
[BlackTeam "Bitola Noemvri"]
[WhiteTeamCountry "MKD"]
[BlackTeamCountry "MKD"]

1. d3 d5 2. g3 g6 3. Bg2 Bg7 4. Nf3 e6 5. 0-0 Nf6 6. Nc3 0-0 7. e4 dxe4 8. dxe4 Qxd1 9. Rxd1 c6 10. Nd2 Nbd7 11. Nc4 Nb6 12. Nxb6 axb6 13. f4 Nd7 14. e5 f6 15. exf6 Nxf6 16. Be3 b5 17. Bd4 Nd5 18. Bxg7 Kxg7 19. Nxd5 exd5 20. a3 Re8 21. Re1 Bf5 22. c3 Kf7 23. Kf2 Rxe1 24. Rxe1 Re8 25. Rxe8 Kxe8 26. Ke3 Ke7 27. Bf3 Kd6 28. g4 Be6 29. b4 b6 30. h3 Bd7 31. Be2 h6 32. h4 Be8 33. Bd3 Ke6 34. Kd4 Kf6 35. g5+ hxg5 36. hxg5+ Ke6 37. Ke3 Bf7 38. Bf1 Kd6 39. Bh3 1/2-1/2

[Event "FRM-chT 18th"]
[Site "Struga"]
[Date "2009.08.12"]
[Round "3"]
[White "Gjorgjieski, Dejan"]
[Black "Simov, Saso"]
[Result "1/2-1/2"]
[WhiteElo "2260"]
[BlackElo "2205"]
[PlyCount "40"]
[EventDate "2009.08.10"]
[EventType "team-tourn"]
[EventRounds "7"]
[EventCountry "MKD"]
[SourceTitle "CBM 131 Extra"]
[Source "ChessBase"]
[SourceDate "2009.09.03"]
[SourceVersion "2"]
[SourceVersionDate "2009.09.16"]
[SourceQuality "1"]

1. d4 d6 2. Nf3 g6 3. b3 Bg7 4. Bb2 Nf6 5. Nbd2 0-0 6. g3 a5 7. Bg2 a4 8. a3 axb3 9. cxb3 Na6 10. 0-0 c5 11. Qc2 Bf5 12. e4 Nxe4 13. Nxe4 d5 14. Nh4 Bxe4 15. Bxe4 dxe4 16. Qxe4 cxd4 17. Qxb7 Nc5 18. Qb5 Ne4 19. Rad1 Rc8 20. Qd3 Nc3 1/2-1/2

[Event "FRM-chT 17th"]
[Site "Struga"]
[Date "2008.08.09"]
[Round "6"]
[White "Simov, Saso"]
[Black "Mitkov, Marjan"]
[Result "1/2-1/2"]
[WhiteElo "2194"]
[BlackElo "2382"]
[PlyCount "49"]
[EventDate "2008.08.04"]
[EventType "team"]
[EventRounds "7"]
[EventCountry "MKD"]
[SourceTitle "CBM 125 Extra"]
[Source "ChessBase"]
[SourceDate "2008.09.01"]
[SourceVersion "1"]
[SourceVersionDate "2008.09.01"]
[SourceQuality "1"]

1. Nf3 Nf6 2. g3 d5 3. Bg2 c6 4. d3 Bg4 5. h3 Bh5 6. 0-0 e6 7. Nbd2 Nbd7 8. c4 Be7 9. b3 0-0 10. Bb2 a5 11. a3 Qb6 12. g4 Bg6 13. Nh4 Nc5 14. Nxg6 hxg6 15. Bd4 Nfd7 16. Be3 f5 17. d4 Ne4 18. Nxe4 dxe4 19. f4 Rfd8 20. Qc2 c5 21. Rad1 Rac8 22. d5 Nf6 23. g5 Nxd5 24. cxd5 exd5 25. Bf2 1/2-1/2

[Event "FRM-chT 17th"]
[Site "Struga"]
[Date "2008.08.06"]
[Round "3"]
[White "Dinev, Dejan"]
[Black "Simov, Saso"]
[Result "0-1"]
[WhiteElo "2312"]
[BlackElo "2194"]
[PlyCount "67"]
[EventDate "2008.08.04"]
[EventType "team"]
[EventRounds "7"]
[EventCountry "MKD"]
[SourceTitle "CBM 125 Extra"]
[Source "ChessBase"]
[SourceDate "2008.09.01"]
[SourceVersion "1"]
[SourceVersionDate "2008.09.01"]
[SourceQuality "1"]

1. e4 d6 2. d4 g6 3. Bd3 Bg7 4. Ne2 Nf6 5. f4 0-0 6. c4 Nc6 7. Nbc3 e5 8. d5 Nd4 9. 0-0 Nxe2+ 10. Qxe2 exf4 11. Bxf4 Ng4 12. Qd2 Ne5 13. Be2 Qe7 14. Rac1 a6 15. a4 f6 16. a5 g5 17. Be3 h6 18. Qc2 f5 19. c5 f4 20. Bf2 f3 21. cxd6 cxd6 22. gxf3 Bh3 23. Be3 Bxf1 24. Rxf1 Rf7 25. Kg2 Ng6 26. e5 Nh4+ 27. Kh1 Qxe5 28. Ne4 Raf8 29. f4 gxf4 30. Bf2 Nf5 31. Rg1 Kh8 32. Bf3 Qxb2 33. Qd3 Re7 34. Bb6 0-1

[Event "FRM-chT"]
[Site "Struga"]
[Date "2007.07.25"]
[Round "3"]
[White "Simov, Saso"]
[Black "Mitkov, Marjan"]
[Result "0-1"]
[WhiteElo "2190"]
[BlackElo "2393"]
[PlyCount "74"]
[EventDate "2007.07.23"]
[EventType "team"]
[EventRounds "7"]
[EventCountry "MKD"]
[SourceTitle "CBM 119 Extra"]
[Source "ChessBase"]
[SourceDate "2007.09.04"]
[SourceVersion "1"]
[SourceVersionDate "2007.09.04"]
[SourceQuality "1"]

1. Nf3 d5 2. g3 Nf6 3. Bg2 c6 4. d3 Bg4 5. h3 Bxf3 6. exf3 Nbd7 7. 0-0 e6 8. f4 Bc5 9. Nd2 0-0 10. g4 Qc7 11. g5 Ne8 12. Qg4 Nd6 13. Re1 Nf5 14. Nf1 g6 15. Ne3 Bd6 16. Bd2 Bxf4 17. Nxf5 Bxd2 18. Nh6+ Kg7 19. Re2 Qf4 20. h4 Qxg4 21. Nxg4 Bf4 22. a4 a5 23. b3 h5 24. Nh2 Be5 25. Rf1 Bc3 26. f4 b5 27. Nf3 bxa4 28. bxa4 Rab8 29. Nd2 Rb4 30. Nb1 Bd4+ 31. Kh1 Rxa4 32. c3 Bc5 33. c4 Rb8 34. Bf3 Ra1 35. Ree1 Rb2 36. Nc3 Rxe1 37. Rxe1 Bb4 0-1

[Event "Belgrade Trophy 17th"]
[Site "Obrenovac"]
[Date "2004.11.30"]
[Round "9"]
[White "Simov, Saso"]
[Black "Antonic, Dusan"]
[Result "1-0"]
[WhiteElo "2212"]
[BlackElo "2078"]
[PlyCount "162"]
[EventDate "2004.11.22"]
[EventType "swiss"]
[EventRounds "9"]
[EventCountry "YUG"]
[SourceTitle "CBM 103 Extra"]
[Source "ChessBase"]
[SourceDate "2005.01.01"]
[SourceVersion "1"]
[SourceVersionDate "2005.01.01"]
[SourceQuality "1"]

1. Nf3 Nf6 2. g3 g6 3. Bg2 Bg7 4. 0-0 0-0 5. d3 d5 6. Nbd2 c5 7. c4 d4 8. Rb1 Nc6 9. a3 a5 10. Ne1 e5 11. Nc2 Qd6 12. b4 cxb4 13. axb4 axb4 14. Nf3 Rd8 15. Bd2 e4 16. Nfe1 Bf5 17. Nxb4 e3 18. fxe3 dxe3 19. Bc3 Ng4 20. Bxg7 Kxg7 21. Nxc6 bxc6 22. Rb6 Rac8 23. Qa1+ f6 24. Qa4 Ne5 25. Rb7+ Rd7 26. Qa7 Rxb7 27. Qxb7+ Rc7 28. Qb6 Re7 29. Nf3 Nd7 30. Qb2 c5 31. Ra1 h6 32. Qb5 Re6 33. Ra7 Re8 34. Nh4 Be6 35. Bd5 Bh3 36. Bg2 Rb8 37. Rb7 Rxb7 38. Qxb7 Bg4 39. Bf3 Be6 40. Bd5 g5 41. Bxe6 Qxe6 42. Ng2 Kg6 43. Qf3 Ne5 44. Qxe3 Qb6 45. Qe4+ Kg7 46. Ne3 h5 47. Kf2 Qb2 48. h3 Qb6 49. Qf5 Qc6 50. Nd5 Qd6 51. Qc8 h4 52. g4 Nxc4 53. Qc7+ Qxc7 54. Nxc7 Ne5 55. Ne6+ Kf7 56. Nxc5 Ng6 57. e3 Ke7 58. d4 Kd6 59. Kf3 Kd5 60. Nd7 Ke6 61. Nc5+ Kd5 62. Nd3 Ne7 63. Nf2 Ng8 64. Ne4 Ke6 65. Nc3 Ne7 66. e4 Ng6 67. Ne2 Kd6 68. Ke3 Kc6 69. Kd3 Kb5 70. e5 fxe5 71. dxe5 Nxe5+ 72. Ke4 Nf7 73. Kf5 Kc4 74. Kf6 Kd3 75. Ng1 Nd6 76. Kxg5 Ke3 77. Kxh4 Kf2 78. g5 Kxg1 79. Kg4 Kf2 80. g6 Ne8 81. h4 Ke3 1-0

[Event "Macedonian op"]
[Site "Struga"]
[Date "2002.07.26"]
[Round "7"]
[White "Kizov, Atanas"]
[Black "Simov, Saso"]
[Result "1-0"]
[WhiteElo "2344"]
[BlackElo "2209"]
[PlyCount "81"]
[EventDate "2002.07.20"]
[EventType "swiss"]
[EventRounds "9"]
[EventCountry "MKD"]
[SourceTitle "CBM 089 Extra"]
[Source "ChessBase"]
[SourceDate "2002.09.10"]
[SourceVersion "2"]
[SourceVersionDate "2002.09.10"]
[SourceQuality "1"]

1. d4 g6 2. c4 Bg7 3. Nc3 Nf6 4. e4 d6 5. h3 0-0 6. Nf3 c5 7. d5 a6 8. a4 e6 9. Bd3 exd5 10. cxd5 b6 11. 0-0 Nbd7 12. Re1 Ne8 13. Bg5 f6 14. Be3 Ne5 15. Nxe5 fxe5 16. Rb1 Nf6 17. Be2 Bd7 18. b4 Be8 19. bxc5 bxc5 20. Qb3 a5 21. Qc2 Rf7 22. Rb2 Rb8 23. Rxb8 Qxb8 24. Rb1 Rb7 25. Rxb7 Qxb7 26. Bb5 Bd7 27. Bd2 Bf8 28. Qb1 Bc8 29. Bd3 Qb4 30. Qc2 c4 31. Bf1 Bd7 32. Nb5 Qb3 33. Qxc4 Qb1 34. Nc3 Qb2 35. Be3 Be7 36. Kh2 Kf7 37. Bd3 h5 38. Nb5 Qa1 39. Qc2 Ne8 40. Bd2 Bd8 41. Bc3 1-0

[Event "Macedonian op"]
[Site "Struga"]
[Date "2002.07.20"]
[Round "1"]
[White "Simov, Saso"]
[Black "Damljanovic, Branko"]
[Result "0-1"]
[WhiteElo "2209"]
[BlackElo "2535"]
[PlyCount "116"]
[EventDate "2002.07.20"]
[EventType "swiss"]
[EventRounds "9"]
[EventCountry "MKD"]
[SourceTitle "CBM 089 Extra"]
[Source "ChessBase"]
[SourceDate "2002.09.10"]
[SourceVersion "2"]
[SourceVersionDate "2002.09.10"]
[SourceQuality "1"]

1. d3 d5 2. g3 e5 3. Bg2 Nf6 4. Nf3 Nc6 5. 0-0 Be7 6. c4 0-0 7. cxd5 Nxd5 8. Nc3 Nb6 9. Be3 Re8 10. Qc1 Bf8 11. Rd1 Nd4 12. Rd2 c6 13. Bxd4 exd4 14. Ne4 a5 15. Nc5 g6 16. Rc2 Bg7 17. Qg5 Bf6 18. Qd2 Ra7 19. Ne4 Bg7 20. Qf4 f5 21. Nc5 h6 22. Qd2 g5 23. h4 g4 24. Nh2 Nd5 25. Nf1 b6 26. Na4 Nb4 27. Rcc1 Rae7 28. Re1 c5 29. a3 Na6 30. Rac1 Qd6 31. Qc2 Be6 32. b3 h5 33. e4 Bf7 34. Nb2 Bh6 35. Rb1 f4 36. Nc4 Qc7 37. gxf4 Bxf4 38. e5 Bxe5 39. Nxe5 Rxe5 40. Rxe5 Qxe5 41. Qd2 Nc7 42. Ng3 Nb5 43. Qh6 Re6 44. Qd2 Nc3 45. Rf1 Bg6 46. a4 Kg7 47. Ne4 Bxe4 48. dxe4 Rf6 49. Qd3 Qf4 50. Qa6 Qc7 51. Qd3 Rf7 52. Re1 Qf4 53. Qc2 g3 54. fxg3 Qxg3 55. Qd2 Rf4 56. Rf1 Rxh4 57. Rf3 Qh2+ 58. Kf1 Nxe4 0-1

[Event "FRM Cup 11th"]
[Site "Stip"]
[Date "2002.05.10"]
[Round "3"]
[White "Simov, Saso"]
[Black "Jordanov, Doichin"]
[Result "1/2-1/2"]
[WhiteElo "2209"]
[BlackElo "2126"]
[PlyCount "115"]
[EventDate "2002.05.08"]
[EventType "team"]
[EventRounds "5"]
[EventCountry "MKD"]
[SourceTitle "CBM 088 Extra"]
[Source "ChessBase"]
[SourceDate "2002.07.01"]
[SourceVersion "2"]
[SourceVersionDate "2002.07.01"]
[SourceQuality "1"]

1. Nf3 Nf6 2. g3 g6 3. Bg2 Bg7 4. 0-0 0-0 5. d3 d6 6. c4 c6 7. Nc3 Na6 8. Rb1 Rb8 9. b4 Nc7 10. b5 cxb5 11. Nxb5 Nxb5 12. Rxb5 Bd7 13. Rb1 Bc6 14. e4 Re8 15. Be3 Qa5 16. Nd4 Bd7 17. Nb3 Qa6 18. h3 b6 19. Qd2 Qc8 20. Kh2 h5 21. f4 Kh7 22. Nd4 Ng8 23. f5 Nf6 24. fxg6+ fxg6 25. Nf3 Qc7 26. Ng5+ Kg8 27. d4 Nh7 28. Nf3 Qxc4 29. Nh4 g5 30. Nf5 Bxf5 31. Rxf5 e6 32. Rf2 Rf8 33. Rxf8+ Rxf8 34. Rc1 Qa4 35. Rc7 Rf7 36. Rxf7 Kxf7 37. Qf2+ Kg8 38. Bf3 Qe8 39. Qe2 Qg6 40. Bxh5 Qxe4 41. Bf3 Qg6 42. Bf2 Qf6 43. Kg2 Nf8 44. Qa6 Qe7 45. Be3 d5 46. Bd1 Bf6 47. Bc2 Qc7 48. Qd3 Qc4 49. Qd2 Kf7 50. Bb3 Qb5 51. Kf2 Qa5 52. Qxa5 bxa5 53. Kf3 Ng6 54. Kg4 Ne7 55. Bxg5 Nf5 56. Bxf6 Kxf6 57. h4 Nxd4 58. Kf4 1/2-1/2